|
|
|
|
| LEADER |
01246nam a22003017a 4500 |
| 001 |
37497 |
| 003 |
BD-DhAAL |
| 005 |
20220113115110.0 |
| 008 |
210613r19962018ii a|||| b||| 001 0 eng d |
| 999 |
|
|
|c 43231
|d 43231
|
| 020 |
|
|
|a 9780521612401
|
| 020 |
|
|
|a 9780521653770
|
| 040 |
|
|
|a BD-DhAAL
|
| 082 |
|
|
|2 20
|a 305.4095409034
|
| 100 |
|
|
|a Forbes, Geraldine
|9 41065
|
| 245 |
|
|
|a Women in modern India /
|c Geraldine Forbes.
|
| 246 |
|
|
|a The new Cambridge history of India, IV. 2 :
|b women in modern India /
|
| 260 |
|
|
|a Cambridge [England] ;
|a New Delhi :
|b Cambridge University Press,
|c 1996 [Reprint 2018]
|
| 300 |
|
|
|a xix, 289 pages :
|b illustrations ;
|c 24 cm.
|
| 490 |
|
|
|a The new Cambridge history of India ;
|v IV, 2
|
| 500 |
|
|
|a Includes bibliographical references (p. 255-281) and index.
|
| 526 |
|
|
|a RS
|
| 541 |
|
|
|a Karim international
|e 37497
|
| 650 |
|
|
|a Women
|z India
|x History
|y 19th century.
|9 41066
|
| 650 |
|
|
|a Women
|z India
|x History
|y 20th century.
|9 41067
|
| 852 |
|
|
|a Savar Campus Library
|c General Stacks
|
| 942 |
|
|
|2 ddc
|c BK
|
| 952 |
|
|
|0 0
|1 0
|2 ddc
|4 0
|6 305_409540903400000_FOR
|7 0
|9 69326
|a SCL
|b SCL
|c GEN
|d 2021-03-25
|e Karim International
|g 1380.00
|l 1
|m 2
|o 305.4095409034 FOR
|p 3020037497
|r 2022-09-12
|s 2022-03-07
|t 1
|v 1380.00
|w 2021-03-25
|y BK
|